[Event "SC Lana-CSK Merania"]
[Site "?"]
[Date "2013.02.16"]
[Round "9.3"]
[White "Hellweger, Stefan"]
[Black "Kofler, Albin"]
[Result "1/2-1/2"]
[WhiteElo "1497"]
[BlackElo "1560"]
[PlyCount "82"]
[EventDate "2013.??.??"]

1. e4 c6 2. Nc3 d5 3. exd5 cxd5 4. d4 Bf5 5. Nf3 e6 6. Bd3 Bxd3 7. Qxd3 Nc6 8.
O-O Nf6 9. Bg5 Be7 10. Ne2 Rc8 11. c3 h6 12. Bh4 O-O 13. Ne5 Nxe5 14. dxe5 Ne4
15. Bxe7 Qxe7 16. f3 Nc5 17. Qe3 b6 18. Nd4 f6 19. exf6 Qxf6 20. Rfe1 Rfe8 21.
Rad1 a6 22. Qe5 Qg6 23. Qd6 Qf7 24. Qxb6 e5 25. Nc6 Na4 26. Qb3 Nxb2 27. Qxb2
Rxc6 28. Qb3 Rc4 29. Qa3 Kh7 30. Qxa6 Rxc3 31. Qd6 Qa7+ 32. Kh1 Qxa2 33. Rxe5
Rxe5 34. Qxe5 Rc2 35. Qf5+ Kh8 36. Qf8+ Kh7 37. Qf5+ Kh8 38. Re1 Re2 39. Qc8+
Kh7 40. Qf5+ Kh8 41. Qc8+ Kh7 1/2-1/2

[Event "SC Lana-CSK Merania"]
[Site "?"]
[Date "2013.02.16"]
[Round "9.4"]
[White "Del Rosso, Peter"]
[Black "Ladurner, Hans"]
[Result "1/2-1/2"]
[WhiteElo "1505"]
[BlackElo "1564"]
[PlyCount "128"]
[EventDate "2013.??.??"]

1. b4 e5 2. Bb2 d6 3. b5 Nf6 4. a4 a5 5. Nf3 b6 6. e3 Be7 7. Be2 Bb7 8. O-O O-O
9. c4 Nbd7 10. Nc3 h6 11. d3 Rc8 12. h3 Nh7 13. Nd5 f5 14. Nxe7+ Qxe7 15. Qb3
Qf7 16. Qd1 Rce8 17. Rc1 Qg6 18. d4 e4 19. Nd2 Qg5 20. Qb3 Kh8 21. Qc3 f4 22.
exf4 Qxf4 23. Qe3 Qf7 24. Bd1 Nhf6 25. Rc3 Re7 26. Ra3 Qg6 27. d5 Bc8 28. Qd4
Nc5 29. Rg3 Qf7 30. Qe3 Rfe8 31. Bd4 Ncd7 32. Bg4 Nxg4 33. Rxg4 Nf6 34. Rg3 Nh5
35. Qxh6+ Kg8 36. Rg5 Re5 37. Bxe5 Rxe5 38. Qg6 Qxg6 39. Rxg6 Nf4 40. Rg3 Ne2+
41. Kh2 Nxg3 42. Kxg3 g5 43. Re1 Bf5 44. Kh2 Kf7 45. Nf1 Kf6 46. Ne3 Re7 47.
Kg1 Ke5 48. Rd1 Bg6 49. Kf1 Kf4 50. Ke1 Bh5 51. Rc1 Ke5 52. Kd2 Rf7 53. Ke1 Kd4
54. Nf1 Kc5 55. Ne3 Kb4 56. Ra1 Kb3 57. g4 Bg6 58. Kf1 Kb2 59. Rd1 Kb3 60. Ra1
Kb2 61. Re1 Kb3 62. Ra1 Kb2 63. Rd1 Kb3 64. Ra1 Kb2 1/2-1/2

[Event "SC Lana-CSK Merania"]
[Site "?"]
[Date "2013.02.16"]
[Round "9.5"]
[White "Mucci, Angelo"]
[Black "Unterthurner, Walter"]
[Result "0-1"]
[WhiteElo "1531"]
[BlackElo "1341"]
[PlyCount "72"]
[EventDate "2013.??.??"]

1. e4 c5 2. Nc3 Nc6 3. d3 d6 4. g3 Nf6 5. Bg2 e6 6. Nf3 Be7 7. O-O O-O 8. Be3
a6 9. Nd2 Qc7 10. f4 Rb8 11. g4 h6 12. g5 hxg5 13. fxg5 Nh7 14. Nf3 Bd7 15. Qd2
b5 16. Ne2 d5 17. e5 Nxe5 18. Nxe5 Qxe5 19. Bf4 Qxb2 20. Bxb8 Rxb8 21. Qf4 Rf8
22. Qc7 Rd8 23. Qf4 Rf8 24. Rac1 Bxg5 25. Qd6 Bxc1 26. Qxd7 Be3+ 27. Kh1 Qxc2
28. Ng3 Bd4 29. Nh5 Qd2 30. Qd6 Qg5 31. Ng3 Nf6 32. Qxa6 b4 33. Ne2 Be3 34. Ng1
Ng4 35. Nf3 Qh6 36. h3 Nf2+ 0-1

[Event "SC SSV Bruneck-SK Deutschnofen"]
[Site "?"]
[Date "2013.02.16"]
[Round "9.1"]
[White "Thurner, Markus"]
[Black "Luciani, Valerio"]
[Result "0-1"]
[WhiteElo "1847"]
[BlackElo "2144"]
[PlyCount "94"]
[EventDate "2013.??.??"]

1. f4 d5 2. Nf3 c5 3. e3 Nc6 4. Bb5 Bg4 5. c4 Bxf3 6. Qxf3 e6 7. Nc3 Nf6 8.
Bxc6+ bxc6 9. d3 g6 10. O-O Bg7 11. e4 O-O 12. Kh1 Rb8 13. e5 Nd7 14. b3 f6 15.
Qg4 Qe7 16. exf6 Qxf6 17. Bb2 Qf7 18. Rae1 Rbe8 19. Na4 e5 20. Ba3 exf4 21.
Nxc5 Rxe1 22. Rxe1 Ne5 23. Qe6 Re8 24. Qxf7+ Kxf7 25. Nb7 Bf8 26. Bxf8 Kxf8 27.
d4 Nd3 28. Rxe8+ Kxe8 29. cxd5 cxd5 30. Nc5 Nb4 31. Ne6 Nxa2 32. Nc7+ Kd7 33.
Nxd5 Nc1 34. b4 Nd3 35. Kg1 Kc6 36. Ne7+ Kb5 37. d5 Nxb4 38. d6 Nc6 39. d7 Nd8
40. Kf2 Kc5 41. Kf3 a5 42. Ke4 a4 43. Nd5 Kc4 44. Nb6+ Kb3 45. Kd5 a3 46. Kd6
a2 47. Kc7 Nf7 0-1

[Event "SC SSV Bruneck-SK Deutschnofen"]
[Site "?"]
[Date "2013.02.16"]
[Round "9.2"]
[White "Glueck, Alexander"]
[Black "Gibitz, Othmar"]
[Result "1-0"]
[WhiteElo "1964"]
[BlackElo "1592"]
[PlyCount "80"]
[EventDate "2013.??.??"]

1. d4 d5 2. c4 Nf6 3. cxd5 Nxd5 4. e4 Nf6 5. Nc3 Bg4 6. f3 Bd7 7. Be3 Nc6 8.
Bc4 e5 9. Nge2 Bd6 10. d5 Ne7 11. O-O Ng6 12. Rc1 a6 13. a4 h5 14. a5 h4 15.
Na4 Bxa4 16. Qxa4+ Qd7 17. Qc2 Qc8 18. Bb3 O-O 19. Ba4 Nd7 20. Qd2 Qd8 21. Bxd7
Qxd7 22. b4 Qb5 23. Bc5 Rac8 24. Rc2 Qd7 25. Rfc1 Nf4 26. Nxf4 exf4 27. Qd4 f6
28. Qf2 g5 29. Qd2 Rfd8 30. Qc3 Be5 31. Bd4 Qd6 32. Bxe5 fxe5 33. Qc5 c6 34.
Qb6 Qd7 35. dxc6 Rxc6 36. Rxc6 bxc6 37. h3 Qd2 38. Qxc6 Qe3+ 39. Kh2 Rf8 40.
Qg6+ Kh8 1-0

[Event "SC SSV Bruneck-SK Deutschnofen"]
[Site "?"]
[Date "2013.02.16"]
[Round "9.3"]
[White "Hofer, Alois"]
[Black "Peintner, Andreas"]
[Result "1-0"]
[WhiteElo "1559"]
[BlackElo "1898"]
[PlyCount "63"]
[EventDate "2013.??.??"]

1. d4 Nf6 2. c4 c5 3. Nf3 cxd4 4. Nxd4 Nc6 5. Nc3 e6 6. Bf4 d6 7. Ndb5 e5 8.
Bg5 a6 9. Na3 Be6 10. e3 Be7 11. Nc2 O-O 12. Be2 Rc8 13. Qd2 Na5 14. b3 Qc7 15.
Rc1 b5 16. Bxf6 gxf6 17. Nd5 Bxd5 18. cxd5 f5 19. O-O Qb6 20. Nb4 Bf6 21. Bd3
e4 22. Bb1 Rc5 23. Qe2 Bc3 24. Rxc3 Rxc3 25. Qh5 Qd8 26. Qxf5 Qe7 27. Bxe4 f6
28. g3 Re8 29. Bb1 Rec8 30. Nd3 Nb7 31. Nf4 Nc5 32. Qxc8+ 1-0

[Event "SC SSV Bruneck-SK Deutschnofen"]
[Site "?"]
[Date "2013.02.16"]
[Round "9.4"]
[White "Balzarini, Franco"]
[Black "Pichler, Hubertus"]
[Result "0-1"]
[WhiteElo "1775"]
[BlackElo "1418"]
[PlyCount "68"]
[EventDate "2013.??.??"]

1. d4 d5 2. e3 Nf6 3. c4 Bf5 4. Nf3 e6 5. Be2 Be7 6. O-O O-O 7. b3 c6 8. Bb2
Nbd7 9. Nbd2 Qc7 10. Rc1 Ne4 11. Nxe4 dxe4 12. Nd2 Bg6 13. Qc2 f5 14. f4 Nf6
15. Qc3 Qb6 16. c5 Qc7 17. Nc4 Rad8 18. Ne5 Nd5 19. Qd2 Bf6 20. Bc4 Bxe5 21.
fxe5 Qe7 22. Rce1 Rf7 23. b4 Rdf8 24. g3 Qg5 25. Kh1 Bh5 26. Bc1 Bf3+ 27. Kg1
h5 28. Be2 Qg4 29. Bxf3 exf3 30. Kf2 f4 31. exf4 Rxf4 32. Rd1 Re4 33. Rde1 Re2+
34. Rxe2 fxe2+ 0-1

[Event "SC SSV Bruneck-SK Deutschnofen"]
[Site "?"]
[Date "2013.02.16"]
[Round "9.5"]
[White "Mittermair, Alois"]
[Black "Lang, Guenther"]
[Result "1-0"]
[WhiteElo "1502"]
[BlackElo "1649"]
[PlyCount "94"]
[EventDate "2013.??.??"]

1. d4 f5 2. Nf3 Nf6 3. c4 g6 4. Nc3 Bg7 5. Qc2 d6 6. e4 fxe4 7. Nxe4 O-O 8. h3
c6 9. Bd2 Qc7 10. Bd3 Nxe4 11. Bxe4 Bf5 12. O-O e5 13. Bc3 Nd7 14. Rad1 Bxe4
15. Qxe4 Nf6 16. Qh4 Rae8 17. dxe5 dxe5 18. Rfe1 Nh5 19. Re4 Rf4 20. Rxf4 Nxf4
21. Re1 h6 22. Re4 Qd6 23. Nd2 g5 24. Qg4 Qf6 25. Nf3 Ng6 26. h4 Nxh4 27. Nxh4
gxh4 28. Qxh4 Qg5 29. g3 Qxh4 30. Rxh4 e4 31. Rg4 Re7 32. Bxg7 Rxg7 33. Rxe4
Rd7 34. Re2 Kf7 35. Kg2 Kf6 36. b3 b5 37. cxb5 cxb5 38. Kf3 a5 39. Rc2 a4 40.
bxa4 bxa4 41. Ke3 h5 42. Rc4 Ra7 43. Kd3 a3 44. Kc3 Rb7 45. Rb4 Rc7+ 46. Kb3
Rd7 47. Kxa3 Rd3+ {Rest unleserlich} 1-0

[Event "SC SSV Taufers-SK Ridnaun"]
[Site "?"]
[Date "2013.02.16"]
[Round "9.1"]
[White "Aigner, Helmut"]
[Black "Niederkofler, Andreas"]
[Result "1/2-1/2"]
[WhiteElo "1819"]
[BlackElo "1770"]
[PlyCount "90"]
[EventDate "2013.??.??"]

1. e4 c5 2. Nf3 e6 3. d4 cxd4 4. Nxd4 a6 5. Be2 Nf6 6. Nc3 d6 7. O-O b6 8. f4
Qc7 9. Bf3 Bb7 10. Qe2 Nc6 11. Be3 Be7 12. Qf2 Nd7 13. f5 Nxd4 14. Bxd4 e5 15.
Be3 Rc8 16. Rad1 b5 17. a3 O-O 18. g4 h6 19. Kh1 Qc4 20. Qg2 f6 21. h4 Rfd8 22.
Rf2 Nc5 23. Nd5 Bxd5 24. Rxd5 b4 25. axb4 Qxb4 26. c3 Qc4 27. Rfd2 Rb8 28. Bxc5
dxc5 29. Qe2 Qxe2 30. Rxd8+ Rxd8 31. Rxd8+ Bxd8 32. Bxe2 a5 33. Kg2 Kf8 34. Kf3
Ke7 35. Ke3 Kd6 36. Kd3 Bc7 37. Kc4 Kc6 38. Bd1 Kd6 39. Kb5 Bd8 40. Bb3 Bc7 41.
Ka6 Kc6 42. Bd5+ Kd6 43. Kb7 Bd8 44. Kc8 Bc7 45. b3 Bb6 1/2-1/2

[Event "SC SSV Taufers-SK Ridnaun"]
[Site "?"]
[Date "2013.02.16"]
[Round "9.2"]
[White "Holzer, Phillipp"]
[Black "Helfer, August"]
[Result "1-0"]
[WhiteElo "1759"]
[BlackElo "1652"]
[PlyCount "31"]
[EventDate "2013.??.??"]

1. e4 c6 2. d4 d5 3. Nc3 dxe4 4. Nxe4 Bf5 5. Bd3 e6 6. Qf3 Qxd4 7. Ne2 Qd5 8.
O-O Bxe4 9. Bxe4 Qd7 10. Bg5 h6 11. Rfd1 Bd6 12. Bf4 e5 13. Qg3 exf4 14. Qxg7
f5 15. Qxh8 fxe4 16. Qxg8+ 1-0

[Event "SC SSV Taufers-SK Ridnaun"]
[Site "?"]
[Date "2013.02.16"]
[Round "9.3"]
[White "Obermueller, Johann"]
[Black "Forer, Erich"]
[Result "1/2-1/2"]
[WhiteElo "1536"]
[BlackElo "1733"]
[PlyCount "117"]
[EventDate "2013.??.??"]

1. e4 d6 2. d4 Nf6 3. Bd3 g6 4. Ne2 Bg7 5. O-O O-O 6. f4 d5 7. e5 Ne4 8. Bxe4
dxe4 9. Be3 f5 10. exf6 exf6 11. Ng3 f5 12. c3 Be6 13. Nd2 Nd7 14. Qe2 Nb6 15.
Rfe1 c6 16. Ngf1 Kh8 17. g3 Re8 18. b3 Nd5 19. Rac1 c5 20. Bf2 cxd4 21. cxd4
Nb4 22. Red1 Nd3 23. Rc2 Bxd4 24. Bxd4+ Qxd4+ 25. Ne3 b5 26. Nf3 Qf6 27. Ne1
Rad8 28. Nxd3 exd3 29. Rxd3 Bd5 30. Qd2 Be4 31. Rxd8 Rxd8 32. Qc3 Qxc3 33. Rxc3
Rd7 34. a4 bxa4 35. bxa4 Rb7 36. h4 Kg7 37. Kf1 Kf6 38. Ke1 h6 39. Kd2 g5 40.
hxg5+ hxg5 41. Nc4 gxf4 42. gxf4 Rb4 43. a5 Ra4 44. Ke3 Ke6 45. Kd4 Ra1 46. Ra3
Rf1 47. Ke3 Rf3+ 48. Ke2 Rxf4 49. Nd2 Kd5 50. Nxe4 fxe4 51. Ra4 Rf3 52. Ra2 Rd3
53. Ra4 Ke5 54. Ra1 Kd5 55. Ra4 Rd4 56. Ra1 Kc5 57. Ke3 Rc4 58. Ra2 Kb5 59. Ra1
1/2-1/2

[Event "SC SSV Taufers-SK Ridnaun"]
[Site "?"]
[Date "2013.02.16"]
[Round "9.4"]
[White "Haidacher, Gerold"]
[Black "Helfer, Sieghard"]
[Result "1-0"]
[WhiteElo "1726"]
[BlackElo "1532"]
[PlyCount "42"]
[EventDate "2013.??.??"]

1. d4 g6 2. c4 Bg7 3. Nc3 d6 4. g3 Nd7 5. Bg2 e6 6. Nf3 Ne7 7. O-O O-O 8. e4 a6
9. Be3 h6 10. Qd2 Kh7 11. h3 b6 12. e5 Bb7 13. exd6 cxd6 14. Ng5+ hxg5 15. Bxb7
Rb8 16. Bg2 f6 17. g4 Qc7 18. b3 e5 19. Rac1 exd4 20. Bxd4 Nc5 21. Rfe1 Nd7 1-0

[Event "SC SSV Taufers-SK Ridnaun"]
[Site "?"]
[Date "2013.02.16"]
[Round "9.5"]
[White "Gasteiger, Josef"]
[Black "Ratschiller, Manuel"]
[Result "1/2-1/2"]
[WhiteElo "1370"]
[BlackElo "1495"]
[PlyCount "195"]
[EventDate "2013.??.??"]

1. c4 Nf6 2. Nc3 g6 3. Nf3 Bg7 4. e3 O-O 5. d4 d5 6. b3 c5 7. Bb2 cxd4 8. exd4
Nc6 9. Be2 dxc4 10. bxc4 e6 11. O-O a6 12. Re1 Qc7 13. Bf1 Rd8 14. Ne2 Ng4 15.
h3 Nge5 16. Nxe5 Nxe5 17. Qb3 Nxc4 18. Rac1 b5 19. a4 Qd7 20. axb5 axb5 21. Bc3
Bb7 22. Ng3 Qc6 23. Ne4 Bxd4 24. Bxd4 Rxd4 25. f3 Qb6 26. Kh1 Bd5 27. Nf6+ Kg7
28. Nxd5 exd5 29. Qc3 Kg8 30. Rb1 Rf4 31. Rb4 Rb8 32. Reb1 Qd4 33. Qe1 Qd2 34.
Qe7 Rf5 35. Qc7 Qf4 36. Qa7 Re8 37. Rxb5 Qg3 38. Rb8 Rxb8 39. Rxb8+ Kg7 40.
Qd4+ Kh6 41. Rb1 Qf4 42. Qc5 Kg7 43. Re1 Qd6 44. Qd4+ Qf6 45. Qa7 Re5 46. Rc1
Qg5 47. Qa1 Ne3 48. Qb2 Nxf1 49. Rxf1 Qf6 50. Qb8 Re2 51. Qb5 Qb2 52. Qxb2+
Rxb2 53. Rd1 Rb5 54. Kh2 Kf6 55. g4 Ke5 56. Kg3 g5 57. h4 h6 58. hxg5 hxg5 59.
Re1+ Kd4 60. Rd1+ Ke3 61. Re1+ Kd2 62. Re5 f6 63. Rf5 Kc3 64. Kf2 Rb2+ 65. Ke1
d4 66. Rxf6 Rb1+ 67. Kf2 d3 68. Rc6+ Kd2 69. Rc5 Rb2 70. Rxg5 Kd1+ 71. Ke3 d2
72. Rd5 Ke1 73. Rh5 Rb3+ 74. Kf4 Rxf3+ 75. Kxf3 d1=Q+ 76. Kf4 Qd4+ 77. Kg5 Kf2
78. Kh4 Qf6+ 79. Kh3 Ke3 80. Rf5 Qg6 81. Kh4 Kd4 82. Kg3 Qd6+ 83. Kh4 Qh2+ 84.
Kg5 Qh7 85. Rf4+ Kd5 86. Rf5+ Kd6 87. Rf6+ Kd7 88. Rf5 Qg7+ 89. Kh5 Ke6 90. Kh4
Qc3 91. Kg5 Qg3 92. Rf6+ Ke7 93. Rf5 Qe3+ 94. Kh4 Ke6 95. Kh5 Qa7 96. Kh4 Qe7+
97. Kh5 Qg7 98. Kh4 1/2-1/2

[Event "SG Kaltern/Tramin II-ASK Niederdorf"]
[Site "?"]
[Date "2013.02.16"]
[Round "9.1"]
[White "Obersteiner, Stefan"]
[Black "Unterkofler, Alex"]
[Result "1/2-1/2"]
[WhiteElo "1731"]
[BlackElo "1657"]
[PlyCount "80"]
[EventDate "2013.??.??"]

1. d4 Nf6 2. c4 g6 3. Nc3 d5 4. Nf3 Bg7 5. cxd5 Nxd5 6. e4 Nxc3 7. bxc3 c5 8.
Be3 Nc6 9. Qa4 O-O 10. Rd1 Qc7 11. Be2 Bd7 12. Qa3 cxd4 13. cxd4 Qa5+ 14. Qxa5
Nxa5 15. O-O Rac8 16. Rc1 Rxc1 17. Rxc1 Rc8 18. Rxc8+ Bxc8 19. d5 b6 20. Bf4
Bc3 21. Bb8 a6 22. Bc7 b5 23. Ne5 Kf8 24. Kf1 Ke8 25. Bd1 f6 26. Nd3 Nc4 27.
Ke2 a5 28. f3 Bd4 29. g4 Kd7 30. Bf4 g5 31. Bc1 Kd6 32. Bb3 Nb6 33. Bd2 b4 34.
Be1 Ba6 35. Bg3+ Be5 36. Bxe5+ fxe5 37. Kd2 Bxd3 38. Kxd3 Kc5 39. Bd1 Nd7 40.
Ba4 Nf8 1/2-1/2

[Event "SG Kaltern/Tramin II-ASK Niederdorf"]
[Site "?"]
[Date "2013.02.16"]
[Round "9.2"]
[White "Leimgruber, Erich"]
[Black "Schmidhofer, Josef"]
[Result "0-1"]
[WhiteElo "1580"]
[BlackElo "1510"]
[PlyCount "112"]
[EventDate "2013.??.??"]

1. e4 c5 2. Nf3 Nc6 3. d4 cxd4 4. Nxd4 Nf6 5. Nc3 d6 6. Be2 Bd7 7. O-O g6 8.
Be3 Bg7 9. Kh1 O-O 10. f4 a6 11. g4 Nxg4 12. Bg1 Nf6 13. Bf3 Rc8 14. Be3 b5 15.
Nce2 Bg4 16. Ng3 Bxf3+ 17. Qxf3 Nxd4 18. Bxd4 Rxc2 19. Bc3 Qb6 20. Qd3 Rf2 21.
Bd4 Rxf1+ 22. Rxf1 Qb7 23. Kg1 Nd7 24. e5 dxe5 25. fxe5 Bxe5 26. Bxe5 Nxe5 27.
Qe3 Nc4 28. Qf2 Qb6 29. b3 Qxf2+ 30. Kxf2 Nd6 31. Re1 Re8 32. Re5 Kf8 33. Ne2
Rc8 34. Nd4 e6 35. Re2 Ke7 36. Nf3 f6 37. h4 e5 38. Kg2 Nf5 39. Kf2 Rd8 40. Rc2
Nd4 41. Nxd4 Rxd4 42. Rc7+ Rd7 43. Rc6 Ra7 44. Rb6 f5 45. Ke3 Kf7 46. Kf3 Kg7
47. Re6 e4+ 48. Kf4 Kh6 49. b4 a5 50. Rb6 axb4 51. Rxb5 Rxa2 52. Rxb4 Rg2 53.
Rb7 Rg4+ 54. Ke3 Rxh4 55. Kf2 Kg5 56. Rf7 h5 0-1

[Event "SG Kaltern/Tramin II-ASK Niederdorf"]
[Site "?"]
[Date "2013.02.16"]
[Round "9.3"]
[White "Haspinger, Hartmann"]
[Black "Sinner, Armin"]
[Result "0-1"]
[WhiteElo "1349"]
[BlackElo "1608"]
[PlyCount "36"]
[EventDate "2013.??.??"]

1. d4 Nf6 2. c4 g6 3. Nc3 Bg7 4. Nf3 d6 5. Bf4 O-O 6. e3 Na6 7. a3 Nh5 8. Ne2
c5 9. Qd2 Bg4 10. h3 Bxf3 11. gxf3 Nxf4 12. Nxf4 cxd4 13. exd4 Bh6 14. Rd1 Qb6
15. Rb1 e5 16. c5 Qc7 17. Bxa6 Bxf4 18. cxd6 Bxd2+ 0-1

[Event "SG Kaltern/Tramin II-ASK Niederdorf"]
[Site "?"]
[Date "2013.02.16"]
[Round "9.4"]
[White "Stadler, Helmuth"]
[Black "Pallhuber, Manfred"]
[Result "1-0"]
[WhiteElo "1661"]
[BlackElo "1382"]
[PlyCount "59"]
[EventDate "2013.??.??"]

1. e4 e5 2. Nc3 Bc5 3. Nf3 d6 4. Bc4 Nf6 5. d3 O-O 6. Bg5 Re8 7. a3 Be6 8. Nd5
Bxd5 9. Bxd5 c6 10. Ba2 Nbd7 11. O-O h6 12. Bh4 Qc7 13. Kh1 d5 14. exd5 Nxd5
15. Nd2 Be7 16. Bg3 Qd8 17. Qf3 Bg5 18. Ne4 Bf6 19. Rae1 Qe7 20. Qg4 Rad8 21.
f4 Kh8 22. Qf3 exf4 23. Bxf4 Nxf4 24. Qxf4 Be5 25. Qg4 f6 26. c3 c5 27. Rf3 b5
28. Rh3 Rf8 29. Qg6 Qe8 30. Rxh6+ 1-0

[Event "SG Kaltern/Tramin II-ASK Niederdorf"]
[Site "?"]
[Date "2013.02.16"]
[Round "9.5"]
[White "Girardelli, Daniel"]
[Black "Sanin, Wilfried"]
[Result "0-1"]
[WhiteElo "1398"]
[BlackElo "1503"]
[PlyCount "96"]
[EventDate "2013.??.??"]

1. e4 g6 2. Nf3 Bg7 3. Bc4 e6 4. Nc3 c6 5. d4 d5 6. exd5 exd5 7. Bd3 Bg4 8. h3
Bxf3 9. gxf3 Qb6 10. Qe2+ Ne7 11. O-O Qc7 12. Bg5 f6 13. Bh4 O-O 14. Qe6+ Rf7
15. Bg3 Qd7 16. Rfe1 Qxe6 17. Rxe6 Nd7 18. Rae1 Re8 19. Bd6 Bf8 20. Nd1 Nb6 21.
b3 Nbc8 22. Bxe7 Rexe7 23. c4 Rxe6 24. Rxe6 Nb6 25. c5 Nc8 26. Ne3 f5 27. Ng2
Bg7 28. Nf4 Ne7 29. Ne2 Kf8 30. Rd6 Ke8 31. Nf4 Nc8 32. Re6+ Kd7 33. Re2 Bxd4
34. Bc2 Bxc5 35. Nd3 Bd6 36. Ne5+ Bxe5 37. Rxe5 Nd6 38. Bd3 Re7 39. f4 Rxe5 40.
fxe5 Nf7 41. f4 Nd8 42. Kf2 Ne6 43. h4 h5 44. Ke3 Kc7 45. a3 Kb6 46. b4 a5 47.
Bc2 axb4 48. axb4 Kb5 0-1

[Event "SG Kaltern/Tramin-SC Naturns Jambo II"]
[Site "?"]
[Date "2013.02.16"]
[Round "9.1"]
[White "Kaserer, Hanspeter"]
[Black "Paltrinieri, Nicholas"]
[Result "0-1"]
[WhiteElo "1725"]
[BlackElo "2119"]
[PlyCount "58"]
[EventDate "2013.??.??"]

1. d4 e6 2. Nf3 f5 3. g3 Nf6 4. Bg2 d5 5. O-O Bd6 6. b3 Qe7 7. Bb2 O-O 8. Nbd2
Bd7 9. c4 c6 10. Ne5 Be8 11. Ndf3 Nbd7 12. Nd3 Bh5 13. Nfe5 Ng4 14. Nf4 Be8 15.
Nxd7 Qxd7 16. Nd3 Bh5 17. Qd2 Rad8 18. Rfe1 Qe7 19. Qc3 f4 20. c5 fxg3 21. hxg3
Bc7 22. Bf3 Qg5 23. Bc1 Qg6 24. Bxg4 Bxg4 25. Ne5 Bxe5 26. dxe5 d4 27. Qd2 Rf5
28. f4 Rh5 29. Rf1 Qe4 0-1

[Event "SG Kaltern/Tramin-SC Naturns Jambo II"]
[Site "?"]
[Date "2013.02.16"]
[Round "9.2"]
[White "Waldner, Mirko"]
[Black "Pichler, Christoph"]
[Result "1/2-1/2"]
[WhiteElo "1836"]
[BlackElo "1843"]
[PlyCount "47"]
[EventDate "2013.??.??"]

1. d4 d5 2. c4 e6 3. Nc3 Nf6 4. cxd5 exd5 5. Bg5 Nbd7 6. e3 Be7 7. Bd3 O-O 8.
Nge2 c6 9. O-O Re8 10. Qc2 Nf8 11. Rad1 Bd7 12. f3 Rc8 13. Kh1 Nh5 14. Bxe7
Qxe7 15. e4 dxe4 16. fxe4 Nf6 17. Rde1 c5 18. Nd5 Nxd5 19. exd5 cxd4 20. Qb3 b6
21. Ba6 Rc5 22. Qd1 Rxd5 23. Bc4 Rf5 24. Nxd4 1/2-1/2

[Event "SG Kaltern/Tramin-SC Naturns Jambo II"]
[Site "?"]
[Date "2013.02.16"]
[Round "9.3"]
[White "Nischler, Hermann"]
[Black "Bertagnolli, Gerhard"]
[Result "0-1"]
[WhiteElo "1467"]
[BlackElo "1923"]
[PlyCount "80"]
[EventDate "2013.??.??"]

1. b4 Nf6 2. Bb2 e6 3. Nf3 Bxb4 4. g3 b6 5. Bg2 Bb7 6. O-O O-O 7. c3 Be7 8. d4
c5 9. Nbd2 Qc7 10. Rc1 d6 11. Nc4 Nbd7 12. a4 Rfd8 13. Na3 a6 14. Re1 Bc6 15.
c4 cxd4 16. Nxd4 Bxg2 17. Kxg2 Nc5 18. f3 Qd7 19. Ra1 e5 20. Ndc2 Nxa4 21. Bc1
d5 22. cxd5 Nxd5 23. Qd3 Nc5 24. Qc4 b5 25. Qg4 f5 26. Qh3 Bf6 27. Bb2 Na4 28.
Ra2 Ndc3 29. Bxc3 Nxc3 30. Rb2 e4 31. Rb3 Qe6 32. Rb4 Rd2 33. Kf1 a5 34. Rb2 b4
35. Nb1 Nxb1 36. Rexb1 exf3 37. exf3 Qe2+ 38. Kg1 Bxb2 39. Ne1 Re8 40. Qf1
Qxh2# 0-1

[Event "SG Kaltern/Tramin-SC Naturns Jambo II"]
[Site "?"]
[Date "2013.02.16"]
[Round "9.4"]
[White "Dibiasi, Rainer"]
[Black "Naegele, Raimund"]
[Result "1-0"]
[WhiteElo "1806"]
[BlackElo "1653"]
[PlyCount "83"]
[EventDate "2013.??.??"]

1. Nf3 Nf6 2. c4 e6 3. g3 b6 4. Bg2 Bb7 5. b3 d5 6. Bb2 c5 7. O-O Be7 8. Na3
Nbd7 9. Ne5 O-O 10. f4 Nxe5 11. Bxe5 Nd7 12. Bb2 Bf6 13. Qc2 Bxb2 14. Qxb2 Nf6
15. Qe5 a6 16. Rad1 Re8 17. h3 Ne4 18. Kh2 Qe7 19. d3 f6 20. Qb2 Nd6 21. e3 Nf5
22. Qf2 d4 23. exd4 Nxd4 24. Nc2 Rad8 25. Ne3 Qd7 26. Be4 f5 27. Bg2 Qf7 28.
Rfe1 Rd7 29. Nc2 Nxc2 30. Qxc2 Rd4 31. Re3 Qd7 32. Qe2 Kf7 33. Qh5+ Kg8 34. Qe2
g6 35. Bxb7 Qxb7 36. Rxe6 Red8 37. Re8+ Rxe8 38. Qxe8+ Kg7 39. Re1 Rd7 40. Re6
Kh6 41. Qf8+ Kh5 42. Qf6 1-0

[Event "SG Kaltern/Tramin-SC Naturns Jambo II"]
[Site "?"]
[Date "2013.02.16"]
[Round "9.5"]
[White "Christanell, Anton"]
[Black "Dallaglio, Giovanni"]
[Result "0-1"]
[WhiteElo "1581"]
[BlackElo "1675"]
[PlyCount "120"]
[EventDate "2013.??.??"]

1. d4 d5 2. Nf3 Nf6 3. e3 e6 4. Bd3 Nbd7 5. Nbd2 Bd6 6. b3 c5 7. Bb2 O-O 8. O-O
b6 9. c3 Bb7 10. Rc1 Rc8 11. Qe2 Qe7 12. c4 e5 13. dxe5 Nxe5 14. Nxe5 Bxe5 15.
Bxe5 Qxe5 16. Nf3 Qh5 17. Nd2 Qh6 18. cxd5 Nxd5 19. Be4 Rfd8 20. Qf3 Ba8 21.
Rfd1 Qf6 22. Bxd5 Bxd5 23. Qxf6 gxf6 24. Nf1 a5 25. Ng3 Be6 26. Ne4 a4 27. bxa4
Bxa2 28. Kf1 Bb3 29. Rxd8+ Rxd8 30. Ra1 Bc2 31. Nxf6+ Kg7 32. Nh5+ Kh6 33. Nf4
Ra8 34. Nd5 Bxa4 35. Ke1 b5 36. Nc3 Rg8 37. g3 Rg4 38. f4 Rg8 39. Nxa4 Ra8 40.
Kd2 Rxa4 41. Rxa4 bxa4 42. Kc3 f5 43. h3 Kg6 44. g4 h6 45. Kc4 Kf6 46. gxf5
Kxf5 47. Kc3 Ke4 48. Kc4 h5 49. Kc3 h4 50. Kc4 a3 51. Kb3 Kd3 52. f5 c4+ 53.
Kb4 c3 54. f6 a2 55. f7 a1=Q 56. f8=Q Qb2+ 57. Ka5 c2 58. Qf5+ Kc3 59. Qc5+ Kb3
60. Qb5+ Ka2 0-1

[Event "SG Kaltern/Tramin-SC Naturns Jambo II"]
[Site "?"]
[Date "2013.02.16"]
[Round "9.6"]
[White "Roner, Sigmund"]
[Black "Zoeschg, Herbert"]
[Result "0-1"]
[WhiteElo "1500"]
[BlackElo "1461"]
[PlyCount "52"]
[EventDate "2013.??.??"]

1. e4 d6 2. d4 g6 3. Be3 Bg7 4. c3 Nd7 5. Nf3 e6 6. Nbd2 Ne7 7. Qc2 O-O 8. g4
c5 9. h4 cxd4 10. Nxd4 Nf6 11. Be2 e5 12. Nb5 a6 13. Na3 Nxg4 14. Bxg4 Bxg4 15.
f3 Bh5 16. O-O-O b5 17. Nab1 Rc8 18. Rdf1 d5 19. exd5 Nxd5 20. Qe4 Nxe3 21.
Qxe3 Qd5 22. Nb3 b4 23. Rhg1 Rfd8 24. Rd1 Qxf3 25. Rxd8+ Rxd8 26. Qb6 Rd1+ 0-1

[Event "SK Ehrenburg-Groeden"]
[Site "?"]
[Date "2013.02.16"]
[Round "9.1"]
[White "Demetz, Rainer"]
[Black "Flatscher, Tobias"]
[Result "1-0"]
[WhiteElo "2170"]
[BlackElo "1704"]
[PlyCount "41"]
[EventDate "2013.??.??"]

1. Nf3 d5 2. g3 c6 3. Bg2 Nf6 4. O-O e6 5. d3 Be7 6. Nbd2 O-O 7. e4 dxe4 8.
dxe4 h6 9. b3 Nbd7 10. Bb2 b6 11. e5 Nh7 12. Ne4 Nc5 13. Nd6 Bxd6 14. exd6 Bd7
15. Ne5 Rc8 16. Qd4 Nf6 17. Ng4 Nb7 18. Nxf6+ Qxf6 19. Qxf6 gxf6 20. Bxf6 Nd8
21. Rfe1 1-0

[Event "SK Ehrenburg-Groeden"]
[Site "?"]
[Date "2013.02.16"]
[Round "9.2"]
[White "Messner, Alex"]
[Black "Bernardi, Ruben"]
[Result "1/2-1/2"]
[WhiteElo "1618"]
[BlackElo "2102"]
[PlyCount "112"]
[EventDate "2013.??.??"]

1. c4 Nf6 2. g3 c6 3. Bg2 d5 4. cxd5 cxd5 5. d4 Nc6 6. Nf3 Bf5 7. a3 e6 8. O-O
Be7 9. Nc3 O-O 10. Bg5 h6 11. Bxf6 Bxf6 12. e3 Rc8 13. Rc1 Na5 14. Nd2 a6 15.
b4 Nc4 16. Nxc4 Rxc4 17. Qd2 b5 18. Rfe1 Qd7 19. Bf1 Rc7 20. Na2 Rfc8 21. Rxc7
Rxc7 22. Rc1 e5 23. dxe5 Bxe5 24. Rxc7 Qxc7 25. Qxd5 Be6 26. Qd2 g6 27. e4 Bc4
28. Qc2 Bxa2 29. Qxa2 Qc3 30. a4 Bd4 31. axb5 axb5 32. Bxb5 Qxb4 33. Qe2 Qc5
34. Bc4 Bxf2+ 35. Qxf2 Qxc4 36. Qe3 Kg7 37. Kf2 Qc2+ 38. Kg1 Qb1+ 39. Kg2 Qb2+
40. Kg1 Qe5 41. Kg2 g5 42. Qf3 Qb2+ 43. Kg1 Qc1+ 44. Kg2 Qd2+ 45. Kg1 f6 46.
Qf5 h5 47. Qe6 Qe1+ 48. Kg2 Qe2+ 49. Kg1 Qe3+ 50. Kg2 Qd2+ 51. Kg1 Qd8 52. Kg2
Qd2+ 53. Kg1 Qd8 54. Kg2 Qc7 55. Kg1 g4 56. Kg2 Qc2+ 1/2-1/2